000 00515nmm a2200169Ia 4500
008 251105s9999||||xx |||||||||||||||||und||
020 _a9788417633110
041 _aspa
100 _aJones, Julie
245 0 _aMás allá de la pantalla con Luis Buñuel
264 _a[Madrid, España] :
_bPrensas Universitarias de Zaragoza,
_c2019
300 _a178 páginas
490 _aLuis Buñuel. Cine y Vanguardias
650 _aFilm studies
856 _uhttps://public.digitaliapublishing.com/a/61730
942 _cCF
999 _c78946
_d78946